000 00553nam a2200169 i 4500
001 190693
003 ES-MaACL
005 20250910063133.0
008 220510s2019 sp a 000 0 spa d
100 1 _aAlonso Yáñez, Julio,
_d1963-
_9174427
245 1 0 _aSanar la vida :
_bpoemas y collages /
_cJulio Alonso.
260 _a[Madrid :
_bJ. Alonso,
_cca. 2019]
300 _a[16] p. :
_bprincipalmente il. col. ;
_c26 x 21 cm.
600 1 4 _aAlonso Yáñez, Julio,
_d1963-
_9174427
852 4 _aES-MaACL
_j2343-F-12
999 _c190693
_d190693